| 000 | 00627nam a2200205 i 4500 | ||
|---|---|---|---|
| 001 | 125618 | ||
| 003 | ES-MaACL | ||
| 005 | 20230906192651.0 | ||
| 007 | t| | ||
| 008 | 070621s1967 fr ||||1| fre d | ||
| 080 | _a929 Wilde, Oscar | ||
| 100 | 1 |
_aJullian, Philippe. _967257 |
|
| 245 | 1 | 0 |
_aOscar Wilde / _cPhilippe Jullian. |
| 260 |
_aParis : _bLibraire Académique Perrin, _c[1967] |
||
| 300 |
_a407 p. : _bil. ; _c21 cm. |
||
| 500 | _aBiblioteca Jacinto Martínez Lacalle. | ||
| 500 | _aBibliografía: p.393-396. Índice. | ||
| 600 | 1 | 4 |
_aWilde, Oscar- _xBiografías. _9116825 |
| 852 |
_aES-MaACL _jE-11738 _bR.139759 |
||
| 999 |
_c125618 _d125618 |
||